000 01139cam a2200313 a 4500
001 1141907
003 PILC
005 20150610132754.0
008 950524s1996 njua b 001 0 eng
010 _a 95004955
020 _a013232539X
040 _aDLC
_cDLC
_dDLC
050 0 0 _aHD 62.4
_b.V48 1996
082 0 0 _a658.1/8
100 1 _aVernon, Raymond,
_d1913-1999.
245 1 4 _aThe manager in the international economy /
_cRaymond Vernon, Louis T. Wells, Jr., Subramanian Rangan.
250 _a7th ed.
260 _aUpper Saddle River, N.J. :
_bPrentice Hall,
_c1996.
300 _axii, 498 pages :
_billustrations ;
_c25 cm.
500 _aIncludes bibliographical references and index.
650 0 _aInternational business enterprises
_xManagement.
650 0 _aInternational business enterprises
_xCase studies.
650 0 _aInternational economic relations.
700 1 _aWells, Louis T.
700 1 _aRangan, Subramanian.
906 _a7
_bcbc
_corignew
_d1
_eocip
_f19
_gy-gencatlg
942 _2lcc
_cBK
999 _c286450
_d286450